000 01320nam a2200253Ia 4500
999 _c36225
_d36225
001 2128
003 GE_BSU
005 20191120173356.0
008 181216s1984||||ge |||||||||||||| ||ge ||
040 _cGE_BSU
041 _ageo
080 _a811.353.1.09 ს-29
100 _aსარჯველაძე, ზურაბ.
_91178
245 _aქართული სალიტერატურო ენის ისტორიის შესავალი :
_bდამხმარე სახელმძღვანელო /
_cზურაბ სარჯველაძე ; რედ.: ალ. ღლონტი, მ. ქავთარია.
264 _aთბილისი :
_bგანათლება,
_c1984.
300 _a556 გვ.;
_b22 სმ.
504 _aბიბლიოგრ. : სტატიების ბოლოს.
653 _aქართული სალიტერატურო ენა
653 _aქართული სალიტერატურო ენის ისტორია
653 _aლიტერატურათმცოდნეობა
700 _aღლონტი, ალ.
_eრედაქტორი
_91038
700 _aქავთარია, მ.
_eრედაქტორი
_91179
942 _cBK
_2udc